Responses for Show #2519 - Thursday, July 13, 1995

1995-A Seniors Tournament quarterfinal game 4.

Contestants

[<< previous game]

Barbara Eschrich, a senior buyer from Brookhaven, Pennsylvania

Caroline Brown, a computer specialist from Elmhurst, New York

Larry Bowman, an attorney from Indian Wells, California

[next game >>]

Jeopardy! Round responses

INSECTS
MUSICAL THEATRE
WOMEN'S FIRSTS
GAMBLING
CLASSICAL MYTHOLOGY
COMMON BONDS
    $100 12
a butterfly

Barbara
    $100 22
Carol Channing

Barbara
    $100 20
a bikini

Larry
    $100 1
7

Larry
    $100 4
slept

Larry
    $100 6
gum

Barbara
    $200 17
(Larry: What is a flea?)

a spider

LarryCaroline
    $200 23
Molly Brown

Caroline
    $200 21
mustard

Triple Stumper
    $200 2
a lottery

Larry
    $200 8
Mars

Larry
    $200 7
(Barbara: [Says nothing])

Hill

CarolineBarbara
    $300 18
cold-blooded

Triple Stumper
    $300 27
Phil Silvers

Larry
    $300 24
Billie Jean King

Caroline
    $300 3
Nick the Greek

Caroline
    $300 9
(Larry: Nymphs.)
...
(Alex: Remember your phrasing.)

stars

Larry
    $300 10
(Larry: What is rod?)
(Caroline: What is a pole?)

calls

LarryCaroline
Triple Stumper
    $400 19
the beetle

Caroline
    $400 28
(Ethel) Merman

Caroline
    $400 25
Queen Victoria

Barbara
    $400 5
(Caroline: What is bingo?)

keno

Caroline
Triple Stumper
    $400 15
Troy

Caroline
    $400 13
lifts

Triple Stumper
    $500 30
(Alex: We have less than a minute to go. In fact, we're out of time; I got a sign and didn't realized we'd cleared the board.)
[Laughter]

a tsetse fly

Caroline
    $500 29
(Barbara: What is Anything Goes?)

Kiss Me, Kate

Barbara
Triple Stumper
    $500 26
bishop

Caroline
    $500 11
roulette

Larry
    $500 16
Circe

Barbara
    $500 14
balls

Triple Stumper

Scores at the first commercial break (after clue 15):

Larry Caroline Barbara
$500 $200 $0

Scores at the end of the Jeopardy! Round:

Larry Caroline Barbara
$700 $2,700 $500

Double Jeopardy! Round responses

SCIENTISTS
LANGUAGES
GREEN GEOGRAPHY
PRESIDENTIAL TRIVIA
LITERARY ALLUSIONS
ART
    $200 26
Burbank

Caroline
    $200 1
Norwegian (Norse)

Caroline
    $200 6
Carlsbad Caverns

Larry
    $200 7
the national guard

Larry
    $200 9
windmills

Larry
    $200 21
Cleopatra

Caroline
    $400 27
the Nile

Larry
    $400 2
Hebrew

Caroline
    $400 13
Green Bay

Barbara
    $400 8
Washington

Caroline
    $400 17
Jean Valjean

Caroline
    $400 22
Picasso

Caroline
    $600 28
(Barbara: What is the proton?)

the neutron

Barbara
Triple Stumper
    $600 3
German

Caroline
    $600 14
the Green Mountains

Caroline
    $600 10
(Caroline: Who is Madison?)

John Adams

LarryCaroline
    $600 18
Sir Lancelot

Barbara
    $600 23
Toulouse-Lautrec

Caroline
    $800 29
astronomy

Barbara
    $800 4
English

Caroline
    $800 15
Greensboro

Caroline
    $800 11
Jimmy Carter

Larry
    $800 19
(Larry: Who is Robert Burns?)

(Sir Walter) Scott

LarryCaroline
    $800 24
Norman Rockwell

Caroline
    $1000 30
Niels Bohr

Larry
    $1000 5
(Barbara: [Says nothing])
(Alex: Pick one.)

Dutch

Barbara
Triple Stumper
    $2,000 16
(Caroline: What is Greensboro?)

Bowling Green

Caroline
    $1,800 12
(Larry: Who is Abraham Lincoln?)

William Howard Taft

Larry
    $1000 20
Ruritania

Triple Stumper
    $1000 25
(Alex: We have a minute to go, Caroline.)

Claude Monet

Triple Stumper

Scores at the end of the Double Jeopardy! Round:

Larry Caroline Barbara
$1,500 $7,300 $700
(lock game)

Final Jeopardy! Round responses

BALLET CHARACTERS
(Alex: From the The Nutcracker ballet.)
...
(Caroline: Queen of the bees.)
(Alex: Queen Latifah, maybe?)
(Caroline: [Playfully goes along with Alex] Latifah.)
[Laughter]
BarbaraWho is the Sugar Plum Fairy
$700
LarryWho is the Sugar Plum Fairy
$1,500
CarolineWho is Queen of
$1,000
the Sugar Plum Fairy

Final scores:

Larry Caroline Barbara
$3,000 $6,300 $1,400
2nd place: $1,000 if eliminated Automatic semifinalist 3rd place: $1,000 if eliminated

Game dynamics:

Coryat scores:

Larry Caroline Barbara
$3,600 $9,300 $700
14 R,
5 W
(including 2 DDs)
24 R,
4 W
(including 1 DD)
8 R,
4 W

Combined Coryat: $13,600

[game clues] [game scores] [suggest correction]

Game tape date: 1995-02-27
The J! Archive is created by fans, for fans. Scraping, republication, monetization, and malicious use prohibited; this site may use cookies and collect identifying information. See terms. The Jeopardy! game show and all elements thereof, including but not limited to copyright and trademark thereto, are the property of Jeopardy Productions, Inc. and are protected under law. This website is not affiliated with, sponsored by, or operated by Jeopardy Productions, Inc. Join the discussion at JBoard.tv.